<?xml version="1.0" encoding="UTF-8"?>
<record
    xmlns:xsi="http://www.w3.org/2001/XMLSchema-instance"
    xsi:schemaLocation="http://www.loc.gov/MARC21/slim http://www.loc.gov/standards/marcxml/schema/MARC21slim.xsd"
    xmlns="http://www.loc.gov/MARC21/slim">

  <leader>01169nam a22001697a 4500</leader>
  <controlfield tag="003">SGT</controlfield>
  <datafield tag="020" ind1=" " ind2=" ">
    <subfield code="a">9788177582796</subfield>
  </datafield>
  <datafield tag="082" ind1=" " ind2=" ">
    <subfield code="a">539.6,BRA</subfield>
  </datafield>
  <datafield tag="100" ind1=" " ind2=" ">
    <subfield code="a">BRANSDEN,B.H</subfield>
  </datafield>
  <datafield tag="245" ind1=" " ind2=" ">
    <subfield code="a">PHYSICS OF ATOMS AND MOLECULES</subfield>
  </datafield>
  <datafield tag="250" ind1=" " ind2=" ">
    <subfield code="a">2ND</subfield>
  </datafield>
  <datafield tag="260" ind1=" " ind2=" ">
    <subfield code="a">NEW DELHI</subfield>
    <subfield code="b">PEARSON</subfield>
    <subfield code="c">2006</subfield>
  </datafield>
  <datafield tag="300" ind1=" " ind2=" ">
    <subfield code="a">1114</subfield>
  </datafield>
  <datafield tag="650" ind1=" " ind2=" ">
    <subfield code="a">PHYSICS</subfield>
  </datafield>
  <datafield tag="653" ind1=" " ind2=" ">
    <subfield code="a">1.	ELECTRONS, PHOTONS AND ATOMS. 2.	THE ELEMENTS OF QUANTUM MECHANICS. 3.	ONE-ELECTRON ATOMS. 4.	INTERACTION OF ONE-ELECTRON ATOMS WITH ELECTOMAGNETIC RADIATION. 5.	ONE-ELECTRON ATOMS: FINE STRUCTURE AND HYPERFINE STRUCTURE. 6.	INTERACTION OF ONE-ELECTRON ATOMS WITH EXTERNAL ELECTRIC AND MAGNETIC FIELDS. 7.	TWO-ELECTRON ATOMS. 8.	MANY-ELECTRON ATOMS. 9.	INTERACTION OF MANY-ELECTRON ATOMS WITH ELECTROMAGNETIC RADIATION AND WITH STATIC ELECTRIC AND MAGNETIC FIELDS. 10.	MOLECULAR STRUCTURE. 11.	MOLECULAR SPECTRA. 12.	ATOMIC COLLISIONS: BASIC CONCEPTS AND POTENTIAL SCATTERING. 13.	ELECTRON-ATOM COLLISIONS AND ATOMIC PHOTOIONISATION. 14.	ATOM-ATOM COLLISIONS. 15.	MASERS, LASERS AND THEIR INTERACTION WITH ATOMS AND MOLECULES. 16.	FURTHER DEVELOPMENTS AND APPLICATIONS OF ATOMIC AND MOLECULAR PHYSICS. 17.	APPENDICES.</subfield>
  </datafield>
  <datafield tag="942" ind1=" " ind2=" ">
    <subfield code="2">ddc</subfield>
    <subfield code="c">FPS</subfield>
  </datafield>
  <datafield tag="952" ind1=" " ind2=" ">
    <subfield code="0">0</subfield>
    <subfield code="1">0</subfield>
    <subfield code="2">ddc</subfield>
    <subfield code="4">0</subfield>
    <subfield code="7">1</subfield>
    <subfield code="8">FS</subfield>
    <subfield code="a">SSSL</subfield>
    <subfield code="b">SSSL</subfield>
    <subfield code="c">REF</subfield>
    <subfield code="d">2016-06-30</subfield>
    <subfield code="e">AHUJA BOOKS</subfield>
    <subfield code="g">999.00</subfield>
    <subfield code="i">SGTU</subfield>
    <subfield code="o">539.6,BRA</subfield>
    <subfield code="p">PS1876</subfield>
    <subfield code="r">2016-06-30 00:00:00</subfield>
    <subfield code="w">2016-04-21</subfield>
    <subfield code="y">FPS</subfield>
    <subfield code="k">6884</subfield>
  </datafield>
  <datafield tag="952" ind1=" " ind2=" ">
    <subfield code="0">0</subfield>
    <subfield code="1">0</subfield>
    <subfield code="2">ddc</subfield>
    <subfield code="4">0</subfield>
    <subfield code="7">0</subfield>
    <subfield code="8">FS</subfield>
    <subfield code="a">SSSL</subfield>
    <subfield code="b">SSSL</subfield>
    <subfield code="c">DISPLAY</subfield>
    <subfield code="d">2016-06-30</subfield>
    <subfield code="e">AHUJA BOOKS</subfield>
    <subfield code="g">999.00</subfield>
    <subfield code="i">SGTU</subfield>
    <subfield code="l">2</subfield>
    <subfield code="o">539.6,BRA</subfield>
    <subfield code="p">PS1877</subfield>
    <subfield code="r">2021-02-08 00:00:00</subfield>
    <subfield code="s">2021-01-02</subfield>
    <subfield code="w">2016-04-21</subfield>
    <subfield code="y">FPS</subfield>
    <subfield code="k">6884</subfield>
  </datafield>
  <datafield tag="999" ind1=" " ind2=" ">
    <subfield code="c">9368</subfield>
    <subfield code="d">9368</subfield>
  </datafield>
</record>
